000 00699nam a2200253Ia 4500
003 OSt
005 20220927110455.0
006 a|||||r|||| 00| 0
007 ta
008 220926b |||||||| |||| 00| 0 eng d
024 _a79780
037 _cReports
040 _aRTL
_cRTL
_beng
041 _2eng
_aeng
082 _a"X9:9-16.273.N56t4, J8"
110 _aBihar
_9351860
245 0 _aReport on income expenditure and indibtedness surv
260 _aPatna
_bGovernment Press India
_c1958
300 _a54p.
_ccm.
650 _aLabour Economics
700 _aBihar
_9351861
942 _h"X9:9-16.273.N56t4, J8"
_cCC
999 _c696891
_d696891